Handbook key notes terms definitions formulae Mathematics : (Record no. 139195)
[ view plain ]
| 000 -LEADER | |
|---|---|
| fixed length control field | 00762nam a22001817a 4500 |
| 005 - DATE AND TIME OF LATEST TRANSACTION | |
| control field | 20170421145333.0 |
| 020 ## - INTERNATIONAL STANDARD BOOK NUMBER | |
| International Standard Book Number | 9789352036592 |
| Terms of availability | 235.00 |
| 035 ## - SYSTEM CONTROL NUMBER | |
| System control number | B-6674449 |
| 037 ## - SOURCE OF ACQUISITION | |
| Source of stock number/acquisition | Bookwell/Ven |
| Stock number | dpl |
| 082 ## - DEWEY DECIMAL CLASSIFICATION NUMBER | |
| Classification number | 510 |
| 100 ## - MAIN ENTRY--PERSONAL NAME | |
| Personal name | Rastogi, Amit |
| 245 00 - TITLE STATEMENT | |
| Title | Handbook key notes terms definitions formulae Mathematics : |
| Statement of responsibility, etc | by Amit Rastogi |
| Remainder of title | highly important for class XI and XII students, engineering entrances and other competition aspirants / |
| 260 ## - PUBLICATION, DISTRIBUTION, ETC. (IMPRINT) | |
| Place of publication, distribution, etc | Meerut |
| Name of publisher, distributor, etc | Arihant Prakashan |
| Date of publication, distribution, etc | (201?) |
| 270 ## - ADDRESS | |
| Address | Kalindi, TP Nagar |
| City | Meerut |
| Postal code | 250002 |
| 300 ## - PHYSICAL DESCRIPTION | |
| Extent | 492p. |
| Dimensions | 22cm(pbk) |
| 942 ## - ADDED ENTRY ELEMENTS (KOHA) | |
| Source of classification or shelving scheme | Dewey Decimal Classification |
| Item type | English Books |
| Call number suffix | RAS |
| Classification part | 510 |
| Withdrawn status | Lost status | Not for loan | Collection code | Home library | Current library | Date acquired | Source of acquisition | Cost, normal purchase price | Full call number | Barcode | Copy number | Cost, replacement price | Koha item type |
|---|---|---|---|---|---|---|---|---|---|---|---|---|---|
| Non-fiction | Ashok Vihar | Ashok Vihar | 21/04/2017 | BPPD/EN/2013-14/AV/16-17/362/15.02.2017/BW/1124/25.02.2017/17.03.2017 | 235.00 | 510 RAS | B-667449 | 1 | 235.00 | English Books |
